[Event "Brno /Olexa/"]
[Site "?"]
[Date "2013.12.30"]
[Round "7"]
[White "Richterova, Julie"]
[Black "Glacner, Karel"]
[Result "1/2-1/2"]
[WhiteElo "1440"]
[BlackElo "1589"]
[PlyCount "83"]

1. d4 Nf6 2. c4 g6 3. Nc3 c6 4. Nf3 Qa5 5. Bd2 Qd8 6. e4 d6 7. Bd3 Bg7 8. h3
Nbd7 9. Qc2 Qc7 10. d5 Ne5 11. Nxe5 dxe5 12. O-O-O Bd7 13. g3 Nh5 14. Rdf1 a6
15. g4 Nf4 16. Bxf4 exf4 17. Re1 f3 18. Reg1 Be5 19. Kb1 Qa5 20. Rc1 Bxc3 21.
Qxc3 Qxc3 22. Rxc3 O-O 23. Rb3 Rab8 24. Bc2 f5 25. exf5 gxf5 26. Rxf3 fxg4 27.
Rxf8+ Rxf8 28. hxg4 Rxf2 29. Bxh7+ Kg7 30. g5 Bf5+ 31. Bxf5 Rxf5 32. dxc6 bxc6
33. Rd1 Rxg5 34. Rd7 Kf6 35. Rc7 Rc5 36. b3 a5 37. Kc2 Ke6 38. Kd3 Kd6 39. Rc8
Rh5 40. Ra8 Re5 41. Kd4 Rh5 42. Ke4 {(R)} 1/2-1/2

[Event "Brno /Olexa/"]
[Site "?"]
[Date "2013.12.30"]
[Round "7"]
[White "Feldvabl, Vilem"]
[Black "Divis, Jan"]
[Result "0-1"]
[WhiteElo "1772"]
[BlackElo "1739"]
[PlyCount "110"]

1. d4 Nf6 2. Nf3 d5 3. Bg5 Nbd7 4. e3 h6 5. Bf4 c6 6. c3 Qb6 7. Qb3 g5 8. Be5
Qxb3 9. axb3 Nxe5 10. Nxe5 Nd7 11. Nd3 Bg7 12. Nd2 e5 13. dxe5 Nxe5 14. Nc5 Nd7
15. b4 Nxc5 16. bxc5 Bf5 17. Nf3 Kd7 18. Nd4 Be6 19. Bd3 b6 20. cxb6 axb6 21.
Kd2 Kc7 22. Be2 Bd7 23. Bh5 c5 24. Nc2 Be6 25. Be2 Rhb8 26. Rhb1 Bf5 27. Bf3
Be4 28. Rxa8 Rxa8 29. Ra1 Rxa1 30. Nxa1 Bxf3 31. gxf3 d4 32. Kd3 dxc3 33. bxc3
b5 34. Nc2 Kc6 35. e4 Be5 36. h3 h5 37. Ne3 c4+ 38. Kc2 Kc5 39. Nd1 b4 40.
cxb4+ Kxb4 41. Ne3 Bd4 42. Nd5+ Kc5 43. Kd2 Bxf2 44. Nf6 Kb4 45. Kc2 h4 46.
Nd5+ Kc5 47. Ne7 Kd4 48. Nf5+ Ke5 49. Kc3 Kf4 50. Kxc4 Kxf3 51. Kd3 g4 52.
Nxh4+ Bxh4 53. hxg4 Kxg4 54. Ke2 Kf4 55. e5 Kxe5 0-1